ऋगवेद-संहिता / (Record no. 122234)

MARC details
000 -LEADER
fixed length control field 01071nam a22002657a 4500
010 ## - LIBRARY OF CONGRESS CONTROL NUMBER
LC control number 420394
020 ## - INTERNATIONAL STANDARD BOOK NUMBER
Terms of availability 140.00
035 ## - SYSTEM CONTROL NUMBER
System control number 420394
037 ## - SOURCE OF ACQUISITION
Stock number Cen Lib / Ret
040 ## - CATALOGING SOURCE
Original cataloging agency DPL
Language of cataloging HN
082 ## - DEWEY DECIMAL CLASSIFICATION NUMBER
Classification number 220.21
Item number सायणा
100 ## - MAIN ENTRY--PERSONAL NAME
Personal name सायणाचार्य
245 ## - TITLE STATEMENT
Title ऋगवेद-संहिता /
Remainder of title सायणाचार्य ; सम्पादक मन्मोक्षमूलकभट्ट
246 ## - VARYING FORM OF TITLE
Title proper/short title Rigved sanhita /
Remainder of title by Saynacharya ; edited by Mannokshmulakbhatt
260 ## - PUBLICATION, DISTRIBUTION, ETC. (IMPRINT)
Place of publication, distribution, etc वाराणसी
Name of publisher, distributor, etc चौखम्बा संस्कृत सीरीज ऑफिस
Date of publication, distribution, etc 1966
270 ## - ADDRESS
City वाराणसी
300 ## - PHYSICAL DESCRIPTION
Extent v 2. 728-1564 ; v 3. 1565-2472 ; v 5.3443-4402 ;
Other physical details 22cm.
490 ## - SERIES STATEMENT
Series statement चौखम्बा संस्कृत ग्रन्थमाला
Volume number/sequential designation 94
650 ## - SUBJECT ADDED ENTRY--TOPICAL TERM
Topical term or geographic name as entry element ऋगवेद
650 ## - SUBJECT ADDED ENTRY--TOPICAL TERM
Topical term or geographic name as entry element वेद
650 ## - SUBJECT ADDED ENTRY--TOPICAL TERM
Topical term or geographic name as entry element Rigveda
650 ## - SUBJECT ADDED ENTRY--TOPICAL TERM
Topical term or geographic name as entry element Veda
700 ## - ADDED ENTRY--PERSONAL NAME
Personal name मन्मोक्षमूलकभट्ट
942 ## - ADDED ENTRY ELEMENTS (KOHA)
Source of classification or shelving scheme Dewey Decimal Classification
Koha item type Hindi Books
Classification part 220.21
Call number suffix सायणा
Holdings
Withdrawn status Lost status Damaged status Not for loan Collection code Home library Current library Date acquired Source of acquisition Cost, normal purchase price Total Checkouts Full call number Barcode Date last seen Copy number Cost, replacement price Price effective from Koha item type Materials specified (bound volume or other part)
      Not For Loan Reference Central Library Central Library 09/03/2016 Cen Lib/Ret 140.00   220.21 सायणा 420394 09/03/2016 1 140.00 09/03/2016 Hindi Books  
      Not For Loan Reference Central Library Central Library 21/03/2016 Cen Lib/Ret 0.00   220.21 सायणा 420396 21/03/2016   0.00 21/03/2016 Hindi Books v.3

© Delhi Public Library
Hit Counter
free hit counter